Music Quiz

Random Music or Billboard Quiz

'All' Song Titles Quiz Stats

 Plays Quiz Updated Apr 16, 2017

Support Sporcle.
Go Orange.
Score 0/30 Timer 05:00
2 Plays Today
% Correct
Do
92.4%
Need
91.7%
Odds
91.3%
Years
90.4%
Night
90.1%
Myself
89.6%
Long
89.4%
Greatest
89.2%
Things
88.8%
Day
88.6%
Said
88.3%
Winner
88%
Nothing
88%
Way
87.9%
Bass
86.6%
% Correct
Shook
86.5%
Watchtower
82.2%
Dudes
82.1%
Right
81.5%
Around
80.7%
Angels
80.1%
Dance
79.7%
Dream
78.2%
Me
77.8%
Miracle
77.7%
Party
77.6%
Kiss
76%
You
64.4%
Summer
63.1%
Love
61.1%

You're not logged in!

Compare scores with friends on all Sporcle quizzes.
OR
Log In
Forgot?

From the Vault

How Close Can You Get To...? VI

by gazzso

If you're using a GPS, you can probably get pretty close.
Remove Ads.
Support Sporcle.
Get the best of Sporcle when you Go Orange. This ad-free experience offers more features, more stats, and more fun while also helping to support Sporcle. Thank you for becoming a member.

Show Comments

Extras

Top Quizzes Today


Score Distribution

Your Account Isn't Verified!

In order to create a playlist on Sporcle, you need to verify the email address you used during registration. Go to your Sporcle Settings to finish the process.

Report this User

Report this user for behavior that violates our Community Guidelines.

Details: